00830pam a2200265 a 45000010008000000030005000080050017000130080041000300100017000710200019000880400018001070500026001250510033001510820021001840860015002051000018002202450042002382600033002803000025003135040030003386000067003686500028004357100057004637400044005204274432Nust20170105101615.0841101s1985 dcu b f100 0 eng  a 84600333  a978-1840462548 aDLCcDLCdDLC00aPR6029.R8bN5335 1985 aZ663.293b.G46 1985cCopy 3.00a823.912219bORW0 aLC 1.2:Or9 aGeorge Orwell00aNineteen eighty-four cGeorge Orwell  aNew York :bPenguin :c1985. aix, 350 p. ;c23 cm. aBibliography: p. 123-150.10aOrwell, George,d1903-1950.tNineteen eighty-fourxCongresses. 0aDystopias in literature2 aGertrude Clarke Whittall Poetry and Literature Fund.0 aGeorge Orwell and Nineteen eighty-four.